| 000 | 00757 a2200229 4500 | ||
|---|---|---|---|
| 005 | 20100810101119.0 | ||
| 010 | _aENG-99296 | ||
| 020 |
_c120.00 _a8174430261 |
||
| 035 | _aEN-82828 | ||
| 037 | _bDBAD/PUB | ||
| 082 | _a350 | ||
| 100 |
_aD. M. Ravi Kumar _910283 |
||
| 245 |
_aPublic administration model answers / _cby D. M. Ravi Kumar |
||
| 250 | _a2nd ed. | ||
| 260 |
_aHyderabad _bPrachee Publications _c2007 |
||
| 270 |
_a3-3-589/1/A, 2nd Floor, Opp. Arya Samaj Kachiguda _bHyderabad _e500027 |
||
| 300 |
_a136 p. _c28cm.(Pbk) |
||
| 650 |
_aPublic administoration _910284 |
||
| 700 | _99757 | ||
| 942 |
_adpl _cEN _2ddc _mDMR _h350 |
||
| 999 |
_c40723 _d40723 |
||